000 00559cam a22002291 4500
001 sa 65005462
003 DLC
005 20260227112138.0
008 890705s1962 ii 000 0 urdr
010 _asa 65005462
035 _a(OCoLC)19965295
040 _aDLC
_cWaU
_dDLC
042 _apremarc
050 0 0 _aBP134.E8
_bK3
100 0 _aKarīmī al-Iḥsānī.
245 1 0 _aQuʼrān aur insānīyat.
260 _c[1962?]
300 _a112 p.
_c18 cm.
500 _aIn Urdu.
500 _aText partially vocalized.
630 0 0 _aQurʼan
_xEthics.
999 _c64335
_d64335